000 00710pam a2200241 a 4500
999 _c507
_d507
001 1964192
003 OSt
005 20210614142241.0
008 880314s1990 maua b 001 0 eng
010 _a 88009709
020 _a0201059312
040 _aDLC
_cDLC
_dDLC
050 0 0 _aHB171.5
_b.P313 1990
082 0 0 _a330
_219
100 1 _aParkin, Michael,
_d1939-
245 1 0 _aEconomics /
_cMichael Parkin.
260 _aReading, Mass. :
_bAddison-Wesley Pub. Co.,
_cc1990.
300 _axxxi, 1020, 16, 17 p. :
_bill. (some col.) ;
_c26 cm.
504 _aIncludes bibliographical references and index.
650 0 _aEconomics.
906 _a7
_bcbc
_corignew
_d1
_eocip
_f19
_gy-gencatlg
942 _2lcc
_cBK
_nSO